| 000 | 00750nam a2200253 a 4500 | ||
|---|---|---|---|
| 001 | 58011 | ||
| 003 | BD-RJUL | ||
| 005 | 20211209080558.0 | ||
| 008 | 161212s19691985enka b 001 0 eng | ||
| 020 | _a0333102061 (pbk) | ||
| 020 | _a0333035305 | ||
| 035 | _aBD-RJUL 58135 | ||
| 040 |
_aDLC _cDLC _dm.c _beng |
||
| 041 | _aeng | ||
| 082 |
_223 _a320.308 _bCOM 1985 |
||
| 245 | 0 | 0 |
_aComparative government : _ba reader / _cedited by Jean Blondel |
| 260 |
_aLondon : _bMacmillan, _c1969 [reprint 1985] |
||
| 300 |
_al, 270 p. : _bill. ; _c20 cm |
||
| 504 | _aBibliography: p. 243-255 | ||
| 650 | 0 |
_aComparative government _9171742 |
|
| 700 | 1 |
_aBlondel, Jean, _d1929- _9172284 |
|
| 830 | 0 |
_aMacmillan student editions _9172295 |
|
| 942 |
_2ddc _cBK |
||
| 999 |
_c58011 _d58011 |
||